00649nam a22001817a 4500082001800000100003700018245009700055260002700152300002200179526001900201700003300220700003400253700003200287710002600319942001200345999001900357952009100376 aP-827cSyn-28 aMaj Muhammad Adnan Hanif 951576 aEnhancement of cyclic performance of masonry structures using various confining techniques  aRisalpur,bMCE,c2019. a49p.bill.c30cm. a0b0c0dP_827 aImam Ul Huda Muhammad951577 aMaj Dr Muhammad Rizwan948119 aUsama Muhammad Altaf951578 aMuhammad Aslam951579 2ddccBK c554238d554238 00102ddc4070aMCEbMCEd2019-08-17l0oP-827pMCE-P-827r2019-08-17w2019-08-17yBK